[Event "Kragero Resort International 2022"]
[Site "Kragero"]
[Date "2022.02.26"]
[Round "7.25"]
[White "Zadruzny, Nicolaj"]
[Black "Mierins, Emils Janis"]
[Result "1/2-1/2"]
[WhiteElo "2280"]
[BlackElo "2025"]
[Annotator "ChessBase"]
[PlyCount "221"]
[EventDate "2022.02.23"]
[EventType "swiss"]
[EventCountry "NOR"]
[SourceTitle "playchess.com"]
[Source "ChessBase"]
[SourceQuality "1"]
[TimeControl "5400+30"]

1. d4 {[%emt 0:00:26]} Nf6 {[%emt 0:00:04]} 2. Nf3 {[%emt 0:00:14]} g6 {[%emt 0:00:15]} 3. c4 {[%emt 0:03:56]} c5 {[%emt 0:02:29]} 4. Nc3 {[%emt 0:00:34]} cxd4 {[%emt 0:02:18]} 5. Nxd4 {[%emt 0:00:45]} Bg7 {[%emt 0:03:49]} 6. e4 {[%emt 0:00:32]} O-O {[%emt 0:00:17]} 7. Be2 {[%emt 0:03:05]} Nc6 {[%emt 0:00:15]} 8. Be3 {[%emt 0:00:10]} d6 {[%emt 0:00:57]} 9. O-O {[%emt 0:00:27]} a6 {[%emt 0:00:18]} 10. Qd2 {[%emt 0:05:03]} Nd7 {[%emt 0:10:47]} 11. Nc2 {[%emt 0:26:26]} Nb6 {[%emt 0:09:19]} 12. Rad1 {[%emt 0:06:19]} Be6 {[%emt 0:07:23]} 13. b3 {[%emt 0:02:06]} Qc7 {[%emt 0:03:38]} 14. f4 {[%emt 0:04:25]} f5 {[%emt 0:02:07]} 15. Nd5 {[%emt 0:01:10]} Bxd5 {[%emt 0:00:35]} 16. exd5 {[%emt 0:04:12]} Nd8 {[%emt 0:00:38]} 17. Bd4 {[%emt 0:01:54]} Nd7 {[%emt 0:01:07]} 18. Bxg7 {[%emt 0:02:17]} Kxg7 {[%emt 0:00:05]} 19. Nd4 {[%emt 0:00:36]} Nf6 {[%emt 0:01:23]} 20. Bf3 {[%emt 0:08:14]} b5 {[%emt 0:02:18]} 21. Rc1 {[%emt 0:05:09]} bxc4 {[%emt 0:01:54]} 22. Rxc4 {[%emt 0:00:18]} Qb7 {[%emt 0:02:26]} 23. Rfc1 {[%emt 0:08:42]} Ne4 {[%emt 0:01:50]} 24. Bxe4 {[%emt 0:01:09]} fxe4 {[%emt 0:00:07]} 25. Nc6 {[%emt 0:03:21]} Nxc6 {[%emt 0:00:54]} 26. dxc6 {[%emt 0:03:23]} Qb6+ {[%emt 0:01:03]} 27. Kh1 {[%emt 0:02:17]} e3 {[%emt 0:02:17]} 28. Qc3+ {[%emt 0:00:03]} e5 {[%emt 0:01:18]} 29. Re4 {[%emt 0:00:52]} Rac8 {[%emt 0:01:16]} 30. h3 {[%emt 0:04:00]} e2 {[%emt 0:01:19]} 31. Rxe2 {[%emt 0:00:18]} Rxf4 {[%emt 0:00:07]} 32. Rd2 {[%emt 0:01:22]} Rxc6 {[%emt 0:01:50]} 33. Qxc6 {[%emt 0:00:34]} Rf1+ {[%emt 0:00:04]} 34. Rxf1 {[%emt 0:01:54]} Qxc6 {[%emt 0:00:26]} 35. Rfd1 {[%emt 0:00:31]} Qc3 {[%emt 0:03:38]} 36. Rxd6 {[%emt 0:00:20]} a5 {[%emt 0:01:04]} 37. R6d3 {[%emt 0:00:57]} Qc2 {[%emt 0:00:34]} 38. R3d2 {[%emt 0:00:29]} Qc3 {[%emt 0:00:12]} 39. Re2 {[%emt 0:00:34]} Qc5 {[%emt 0:03:37]} 40. Rde1 {[%emt 0:00:37]} Qa3 {[%emt 0:00:02]} 41. Rc2 {[%emt 0:00:42]} a4 {[%emt 0:01:42]} 42. bxa4 {[%emt 0:00:29]} Qxa4 {[%emt 0:00:04]} 43. Rce2 {[%emt 0:00:32]} h5 {[%emt 0:00:42]} 44. Rf2 {[%emt 0:00:32]} Qa5 {[%emt 0:01:30]} 45. Re3 {[%emt 0:00:30]} Qc5 {[%emt 0:07:42]} 46. Rfe2 {[%emt 0:00:02]} Qc1+ {[%emt 0:00:26]} 47. Kh2 {[%emt 0:00:22]} Qf1 {[%emt 0:00:50]} 48. Rxe5 {[%emt 0:00:18]} Qf4+ {[%emt 0:00:09]} 49. g3 {[%emt 0:00:23]} Qa4 {[%emt 0:00:35]} 50. h4 {[%emt 0:00:24]} Qd1 {[%emt 0:00:54]} 51. Rf2 {[%emt 0:00:52]} Qd7 {[%emt 0:01:03]} 52. Re4 {[%emt 0:00:30]} Qb7 {[%emt 0:00:19]} 53. Ref4 {[%emt 0:00:10]} Qa6 {[%emt 0:00:18]} 54. Rf6 {[%emt 0:01:05]} Qc4 {[%emt 0:00:40]} 55. Rf8 {[%emt 0:00:47]} Kh6 {[%emt 0:01:04]} 56. R8f4 {[%emt 0:00:19]} Qa6 {[%emt 0:00:10]} 57. a4 {[%emt 0:00:07]} Qa5 {[%emt 0:00:20]} 58. Rb2 {[%emt 0:01:10]} Qe5 {[%emt 0:00:28]} 59. Ra2 {[%emt 0:00:32]} Qd5 {[%emt 0:00:32]} 60. Rff2 {[%emt 0:00:17]} Qa5 {[%emt 0:00:21]} 61. Rfb2 {[%emt 0:00:26]} Kg7 {[%emt 0:00:43]} 62. Rb5 {[%emt 0:00:29]} Qa6 {[%emt 0:00:06]} 63. Rc5 {[%emt 0:00:38]} Qb6 {[%emt 0:00:41]} 64. Rac2 {[%emt 0:00:18]} Qb3 {[%emt 0:01:01]} 65. a5 {[%emt 0:00:16]} Qa3 {[%emt 0:00:16]} 66. Rg5 {[%emt 0:00:39]} Qa4 {[%emt 0:01:06]} 67. Rb2 {[%emt 0:00:34]} Qc4 {[%emt 0:00:35]} 68. Rgb5 {[%emt 0:00:43]} Qa4 {[%emt 0:00:05]} 69. Rc5 {[%emt 0:00:37]} Kh6 {[%emt 0:00:41]} 70. Rbc2 {[%emt 0:00:33]} Qa1 {[%emt 0:00:38]} 71. Kg2 {[%emt 0:00:14]} Qa4 {[%emt 0:00:07]} 72. R2c3 {[%emt 0:00:42]} Qe4+ {[%emt 0:00:19]} 73. Kf2 {[%emt 0:00:14]} Qd4+ {[%emt 0:00:22]} 74. Ke2 {[%emt 0:00:10]} Qa4 {[%emt 0:00:44]} 75. Kd3 {[%emt 0:01:01]} Qa2 {[%emt 0:01:52]} 76. Kd4 {[%emt 0:00:30]} Qa4+ {[%emt 0:00:18]} 77. Kd3 {[%emt 0:00:35]} Qa2 {[%emt 0:00:05]} 78. Rg5 {[%emt 0:00:20]} Qa4 {[%emt 0:00:29]} 79. Rc4 {[%emt 0:00:25]} Qa3+ {[%emt 0:00:35]} 80. Ke4 {[%emt 0:00:42]} Qd6 {[%emt 0:00:47]} 81. Rcc5 {[%emt 0:00:28]} Qd7 {[%emt 0:02:18]} 82. Rb5 {[%emt 0:00:28]} Qe6+ {[%emt 0:00:39]} 83. Kd4 {[%emt 0:00:07]} Qd6+ {[%emt 0:00:08]} 84. Kc4 {[%emt 0:00:47]} Qc6+ {[%emt 0:01:02]} 85. Kb4 {[%emt 0:00:38]} Qd6+ {[%emt 0:00:23]} 86. Rbc5 {[%emt 0:00:14]} Qa6 {[%emt 0:00:31]} 87. Ka4 {[%emt 0:00:53]} Qb7 {[%emt 0:00:52]} 88. Rb5 {[%emt 0:00:28]} Qe4+ {[%emt 0:01:11]} 89. Rb4 {[%emt 0:00:20]} Qc6+ {[%emt 0:00:07]} 90. Kb3 {[%emt 0:00:29]} Qe6+ {[%emt 0:01:42]} 91. Rc4 {[%emt 0:00:22]} Qd6 {[%emt 0:04:13]} 92. Ka4 {[%emt 0:00:49]} Qd7+ {[%emt 0:01:44]} 93. Kb4 {[%emt 0:00:31]} Qb7+ {[%emt 0:04:06]} 94. Rb5 {[%emt 0:00:21]} Qe7+ {[%emt 0:00:06]} 95. Rbc5 {[%emt 0:00:38]} Qb7+ {[%emt 0:01:16]} 96. Ka4 {[%emt 0:00:17]} Qd7+ {[%emt 0:00:02]} 97. Rc6 {[%emt 0:00:21]} Qd1+ {[%emt 0:00:15]} 98. Kb5 {[%emt 0:00:48]} Qb3+ {[%emt 0:00:13]} 99. Rb4 {[%emt 0:00:37]} Qd5+ {[%emt 0:01:04]} 100. Kb6 {[%emt 0:00:23]} Qd8+ {[%emt 0:00:14]} 101. Kb5 {[%emt 0:00:38]} Qd5+ {[%emt 0:00:06]} 102. Rc5 {[%emt 0:00:17]} Qb7+ {[%emt 0:00:13]} 103. Ka4 {[%emt 0:00:28]} Qd7+ {[%emt 0:00:09]} 104. Rcb5 {[%emt 0:00:31]} Qc6 {[%emt 0:00:46]} 105. Rb3 {[%emt 0:00:42]} Qc4+ {[%emt 0:00:15]} 106. Ka3 {[%emt 0:00:15]} Qc1+ {[%emt 0:00:11]} 107. Kb4 {[%emt 0:00:19]} Qc6 {[%emt 0:03:10]} 108. Rb6 {[%emt 0:00:41]} Qe4+ {[%emt 0:00:17]} 109. Kb5 {[%emt 0:00:47]} Qd5+ {[%emt 0:00:06]} 110. Ka4 {[%emt 0:00:20]} Qd7+ {[%emt 0:00:45]} 111. Ka3 {[%emt 0:00:22]} 1/2-1/2

[Event "Kragero Resort International 2022"]
[Site "Kragero"]
[Date "2022.02.26"]
[Round "7.26"]
[White "Unneland, Mathias"]
[Black "Sorensen, Simen"]
[Result "1/2-1/2"]
[WhiteElo "2262"]
[BlackElo "2014"]
[Annotator "NA"]
[PlyCount "93"]
[EventDate "2022.02.23"]
[EventType "swiss"]
[EventCountry "NOR"]
[SourceTitle "playchess.com"]
[Source "ChessBase"]
[SourceQuality "1"]
[TimeControl "5400+30"]

1. e4 {[%emt 0:00:13]} c5 {[%emt 0:00:51]} 2. Nf3 {[%emt 0:00:19]} e6 {[%emt 0:00:22]} 3. d4 {[%emt 0:00:18]} cxd4 {[%emt 0:00:08]} 4. Nxd4 {[%emt 0:00:09]} Nc6 {[%emt 0:00:07]} 5. Nc3 {[%emt 0:00:37]} Qc7 {[%emt 0:00:36]} 6. Be3 {[%emt 0:00:31]} a6 {[%emt 0:00:15]} 7. Qf3 {[%emt 0:01:08]} d6 {[%emt 0:01:09]} 8. Nxc6 {[%emt 0:01:04]} Qxc6 {[%emt 0:06:51]} 9. O-O-O {[%emt 0:02:21]} b5 {[%emt 0:04:00]} 10. a3 {[%emt 0:04:52]} Bb7 {[%emt 0:03:00]} 11. Be2 {[%emt 0:06:56]} Nf6 {[%emt 0:03:21]} 12. Qg3 {[%emt 0:01:11]} Rc8 {[%emt 0:03:00]} 13. Bf3 {[%emt 0:05:46]} Nd7 {[%emt 0:07:44]} 14. Bf4 {[%emt 0:08:15] [#]} (14. Rd2 $11) 14... e5 $1 {[%emt 0:08:28]} 15. Be3 {[%emt 0:00:41] [#]} (15. Qh3 $17) 15... a5 $19 {[%emt 0:00:49]} 16. Rd2 {[%emt 0:13:07]} b4 {[%emt 0:01:39]} 17. Nb1 {[%emt 0:01:15]} Nf6 {[%emt 0:06:19]} 18. Re1 {[%emt 0:02:24]} Nxe4 {[%emt 0:11:17]} 19. Bxe4 {[%emt 0:04:00]} Qxe4 {[%emt 0:00:23]} 20. f4 {[%emt 0:00:07]} Qg6 {[%emt 0:10:30]} 21. Qh3 {[%emt 0:04:14]} f5 {[%emt 0:04:20]} 22. fxe5 {[%emt 0:05:13]} dxe5 {[%emt 0:00:25]} 23. Bf4 {[%emt 0:00:50]} e4 {[%emt 0:00:33]} 24. Qd3 {[%emt 0:02:46]} Qc6 {[%emt 0:01:19]} 25. Qd4 {[%emt 0:00:15]} bxa3 {[%emt 0:02:49]} 26. Qe5+ {[%emt 0:00:12]} Be7 {[%emt 0:01:30]} 27. Nxa3 {[%emt 0:01:37]} Qf6 {[%emt 0:01:32]} 28. Qxf6 {[%emt 0:08:20]} gxf6 {[%emt 0:01:26]} 29. Nb5 {[%emt 0:00:46]} Kf7 {[%emt 0:02:19]} 30. Red1 {[%emt 0:06:24]} Ba6 {[%emt 0:05:14]} 31. Nd6+ {[%emt 0:00:45]} Bxd6 {[%emt 0:00:25]} 32. Rxd6 {[%emt 0:00:09]} Bd3 {[%emt 0:01:26]} 33. Rd2 {[%emt 0:00:15]} Rc5 {[%emt 0:00:48]} 34. Kb1 {[%emt 0:02:14]} Bb5 {[%emt 0:00:23]} 35. Be3 {[%emt 0:01:37]} Rc6 {[%emt 0:01:26]} 36. R6d5 {[%emt 0:03:29]} Rb8 {[%emt 0:01:33]} 37. Rxf5 {[%emt 0:01:13]} a4 {[%emt 0:01:04]} 38. Rd4 {[%emt 0:01:27]} Kg6 {[%emt 0:00:53]} 39. g4 {[%emt 0:01:07]} Be2 {[%emt 0:00:43]} 40. Rxe4 {[%emt 0:02:18]} Bxg4 {[%emt 0:01:14]} 41. Rc5 {[%emt 0:03:30]} Bf5 {[%emt 0:01:59]} 42. Rxa4 {[%emt 0:02:23]} Rcb6 {[%emt 0:01:47]} 43. Bd4 {[%emt 0:00:59]} Re6 {[%emt 0:00:19]} 44. Bf2 {[%emt 0:02:17]} Reb6 {[%emt 0:01:00]} 45. Bd4 {[%emt 0:00:06]} Re6 {[%emt 0:00:07]} 46. h4 {[%emt 0:02:33]} h5 {[%emt 0:00:48]} 47. Bf2 {[%emt 0:01:08]} 1/2-1/2

[Event "Kragero Resort International 2022"]
[Site "Kragero"]
[Date "2022.02.26"]
[Round "7.27"]
[White "Altarbosh, Ward"]
[Black "Krivenko, Dion"]
[Result "1-0"]
[WhiteElo "2221"]
[BlackElo "2012"]
[Annotator "NA"]
[PlyCount "103"]
[EventDate "2022.02.23"]
[EventType "swiss"]
[EventCountry "NOR"]
[SourceTitle "playchess.com"]
[Source "ChessBase"]
[SourceQuality "1"]
[TimeControl "5400+30"]

1. e4 {[%emt 0:00:06]} c5 {[%emt 0:00:07]} 2. Nf3 {[%emt 0:00:05]} e6 {[%emt 0:00:05]} 3. d4 {[%emt 0:00:07]} cxd4 {[%emt 0:00:06]} 4. Nxd4 {[%emt 0:00:06]} Nf6 {[%emt 0:00:05]} 5. Nc3 {[%emt 0:00:09]} Nc6 {[%emt 0:00:13]} 6. Nxc6 {[%emt 0:00:05]} bxc6 {[%emt 0:00:07]} 7. e5 {[%emt 0:00:04]} Nd5 {[%emt 0:00:08]} 8. Ne4 {[%emt 0:00:04]} Qc7 {[%emt 0:00:07]} 9. f4 {[%emt 0:00:05]} Qb6 {[%emt 0:00:05]} 10. c4 {[%emt 0:00:03]} Bb4+ {[%emt 0:00:41]} 11. Ke2 {[%emt 0:00:05]} f5 {[%emt 0:00:14]} 12. exf6 {[%emt 0:00:33]} Nxf6 {[%emt 0:00:52]} 13. Be3 {[%emt 0:00:06]} Qa5 {[%emt 0:00:54]} 14. Nxf6+ {[%emt 0:00:05]} gxf6 {[%emt 0:00:06]} 15. a3 {[%emt 0:00:02] has lost popularity (15.Kf2).} Qh5+ {[%emt 0:00:13]} 16. Kf2 {[%emt 0:00:14]} Qxd1 {[%emt 0:00:16]} 17. Rxd1 {[%emt 0:00:01]} Be7 {[%emt 0:00:11]} 18. Be2 {[%emt 0:20:29]} h5 {[%emt 0:00:37]} 19. Rd2 {[%emt 0:00:02]} a5 {[%emt 0:00:31] [#]} 20. Rhd1 $146 {[%emt 0:00:14]} ({Predecessor:} 20. Bd3 d5 21. Bg6+ Kf8 22. cxd5 cxd5 23. Rc1 Bd6 24. Rc6 Ke7 25. f5 h4 26. Bc5 Bxc5+ 27. Rxc5 Bd7 {½-½ (27) Daubenfeld,N (2475)-Goncharenko,G (2512) ICCF email 2008}) 20... c5 {[%emt 0:05:02]} 21. f5 {[%emt 0:03:43]} Rb8 {[%emt 0:12:16]} 22. Bf3 {[%emt 0:03:48]} e5 {[%emt 0:00:36]} 23. Kg1 {[%emt 0:02:40]} Rb3 {[%emt 0:06:48]} 24. Bf2 $11 {[%emt 0:01:07]} h4 {[%emt 0:19:04]} 25. h3 {[%emt 0:19:14]} Rh7 {[%emt 0:10:37]} 26. Re1 {[%emt 0:00:27]} d6 {[%emt 0:05:53]} 27. Bc6+ {[%emt 0:00:19]} Kf8 {[%emt 0:02:34]} 28. Be4 {[%emt 0:00:03]} Rh5 {[%emt 0:01:38]} 29. Bf3 {[%emt 0:00:01]} Rxf3 {[%emt 0:07:33]} 30. gxf3 {[%emt 0:00:08]} Bb7 {[%emt 0:02:23]} 31. Re4 {[%emt 0:01:54]} Rxf5 {[%emt 0:01:01]} 32. Rxh4 {[%emt 0:00:07]} Bxf3 {[%emt 0:01:44]} 33. Be3 {[%emt 0:00:57]} Rh5 {[%emt 0:03:19]} 34. Rxh5 {[%emt 0:00:02]} Bxh5 {[%emt 0:00:02]} 35. h4 {[%emt 0:13:12]} Kf7 {[%emt 0:04:34]} 36. Kf2 {[%emt 0:03:21]} Ke6 {[%emt 0:02:17]} 37. b3 {[%emt 0:00:32]} Kf5 {[%emt 0:01:42]} 38. Rd5 {[%emt 0:00:28]} Kg4 {[%emt 0:04:30]} 39. Bd2 {[%emt 0:00:45]} f5 {[%emt 0:01:46]} 40. Bg5 {[%emt 0:03:33]} Bxg5 {[%emt 0:02:38]} 41. hxg5 {[%emt 0:00:02]} Kxg5 {[%emt 0:01:10]} 42. Rxd6 {[%emt 0:00:05]} Kf4 {[%emt 0:00:19]} 43. Rd5 {[%emt 0:03:46]} e4 {[%emt 0:00:53]} 44. Rxc5 {[%emt 0:00:15]} e3+ {[%emt 0:02:19]} 45. Ke1 {[%emt 0:16:42]} Bg4 {[%emt 0:01:11]} 46. Rxa5 {[%emt 0:00:12]} Ke4 {[%emt 0:00:06]} 47. c5 {[%emt 0:00:06]} Kd3 {[%emt 0:01:29]} 48. Ra4 {[%emt 0:00:19]} Bf3 {[%emt 0:00:45]} 49. Rf4 {[%emt 0:00:11]} Be4 {[%emt 0:00:24]} 50. Rxe4 {[%emt 0:00:02]} Kxe4 {[%emt 0:00:14]} 51. c6 {[%emt 0:00:03]} f4 {[%emt 0:00:06]} 52. c7 {[%emt 0:00:02]} 1-0

[Event "Kragero Resort International 2022"]
[Site "Kragero"]
[Date "2022.02.26"]
[Round "7.28"]
[White "Omtvedt, Aleksander"]
[Black "Shehzad, Shazil"]
[Result "0-1"]
[WhiteElo "1867"]
[BlackElo "2182"]
[Annotator "NA"]
[PlyCount "48"]
[EventDate "2022.02.23"]
[EventType "swiss"]
[EventCountry "NOR"]
[SourceTitle "playchess.com"]
[Source "ChessBase"]
[SourceQuality "1"]
[TimeControl "5400+30"]

1. d4 {[%emt 0:00:30]} Nf6 {[%emt 0:02:50]} 2. Nf3 {[%emt 0:01:19]} c5 {[%emt 0:00:07]} 3. c3 {[%emt 0:03:56]} d5 {[%emt 0:02:02]} 4. e3 {[%emt 0:00:46]} e6 {[%emt 0:05:19]} 5. Nbd2 {[%emt 0:00:14]} Bd6 {[%emt 0:00:28]} 6. dxc5 {[%emt 0:02:21]} Bxc5 {[%emt 0:00:34]} 7. b4 {[%emt 0:00:12]} Bd6 {[%emt 0:00:40]} 8. a3 {[%emt 0:02:39]} a5 {[%emt 0:00:39]} 9. Bb2 {[%emt 0:04:46]} e5 {[%emt 0:01:46]} 10. Be2 {[%emt 0:02:31]} h5 {[%emt 0:01:57]} 11. b5 {[%emt 0:07:27]} Nbd7 {[%emt 0:03:25]} (11... e4 $1 $11 12. Nd4 Nbd7) 12. c4 {[%emt 0:00:42]} e4 {[%emt 0:00:17]} 13. Nd4 {[%emt 0:01:16]} Ne5 {[%emt 0:00:44]} 14. cxd5 {[%emt 0:03:29]} Bg4 {[%emt 0:01:24]} 15. f3 $15 {[%emt 0:03:51]} (15. O-O $14) 15... Nxd5 {[%emt 0:06:04]} 16. Qb3 {[%emt 0:03:11]} exf3 {[%emt 0:06:58]} 17. N2xf3 {[%emt 0:06:45]} a4 {[%emt 0:03:43]} 18. Qa2 {[%emt 0:03:23]} Nxe3 {[%emt 0:04:10]} 19. Kf2 {[%emt 0:01:48]} Bxf3 {[%emt 0:02:49]} 20. gxf3 {[%emt 0:01:25]} Qg5 {[%emt 0:11:42]} 21. Bc1 {[%emt 0:04:28]} Qf4 {[%emt 0:00:48]} 22. Qd2 {[%emt 0:05:44]} N5g4+ {[%emt 0:01:47]} 23. Kg1 {[%emt 0:02:40]} Bc5 {[%emt 0:02:14]} 24. fxg4 {[%emt 0:02:39]} Bxd4 {[%emt 0:00:21]} 0-1

[Event "Kragero Resort International 2022"]
[Site "Kragero"]
[Date "2022.02.26"]
[Round "8.1"]
[White "Van Foreest, Lucas"]
[Black "Chatalbashev, Boris"]
[Result "1/2-1/2"]
[WhiteElo "2563"]
[BlackElo "2515"]
[Annotator "TA"]
[PlyCount "82"]
[EventDate "2022.02.23"]
[EventType "swiss"]
[EventCountry "NOR"]
[SourceTitle "playchess.com"]
[Source "ChessBase"]
[SourceQuality "1"]

{[%evp 9,82,59,51,52,48,28,41,18,24,9,10,10,19,8,1,0,0,5,19,18,25,24,27,14,18,0,0,-19,-11,-85,-86,-69,-71,-110,-83,-101,-100,-95,-81,-141,-125,-182,-92,-92,-92,-99,-113,-126,-134,-170,-144,-156,-147,-143,-108,-104,-61,-60,-58,-59,-15,-8,-8,-15,-8,-15,-7,-7,-7,-8,-8,-18,0,0,0]} 1. e4 g6 2. d4 Bg7 3. Nc3 d5 4. exd5 Nf6 5. Bc4 Nbd7 6. Bb3 {B06: Modern Defence.} Nb6 7. Qf3 Bg4 8. Qd3 {White is slightly better.} a5 {[%cal Ba7a5,Ba5a4][%mdl 32] [#]} 9. a3 $146 ({Predecessor:} 9. a4 Nbxd5 10. Nxd5 Nxd5 11. Qg3 Be6 12. Ne2 Qd6 13. c3 Qxg3 14. Nxg3 O-O 15. O-O {½-½ (21) Wheeler,J (2291)-Hrvacic,P (2297) IECG email 2002}) 9... a4 10. Ba2 O-O {[%cal Rf6d5]} 11. Nf3 Nfxd5 12. Nxd5 Nxd5 13. O-O Bxf3 14. Qxf3 c6 15. c3 e6 16. Rb1 Qf6 17. Qg3 Qf5 18. Ra1 e5 19. Bb1 {[#]} (19. dxe5 $11 Bxe5 20. Qg5) 19... Qh5 $1 $17 20. dxe5 Bxe5 {[%cal Bg7e5,Be5d6,Bd6c5][%mdl 32]} (20... Qxe5 21. Qxe5 Bxe5 22. Ba2 $11) 21. f4 Bd6 22. Bd3 Rad8 23. Kh1 Bc5 24. Bd2 (24. Qg5 $142) 24... Rfe8 25. Rf3 {Inhibits Ne3.} (25. Rae1 $17) 25... Ne3 26. Bxe3 Rxd3 27. Bxc5 Rxf3 28. Qxf3 Qxc5 {[%mdl 4096] Endgame KQR-KQR} 29. Qf1 Re4 30. Rd1 Qf5 31. g3 Qe6 32. Qd3 h5 (32... c5 $17 {aiming for ...Re3.} 33. Kg1 Re3) 33. Kg1 Re3 $1 34. Qd4 h4 (34... b5 $15) 35. Qd8+ $11 {The position is equal.} (35. gxh4 {is a self mate.} Qg4+ 36. Kf1 Qf3+ 37. Kg1 Re2 38. Qd8+ Kh7) 35... Kg7 36. Qd4+ (36. Qxh4 {gets mated.} Re2 37. Rd3 Rxb2 38. Rf3 Qe1+ 39. Rf1 Qe3+ 40. Kh1 Qe4+) 36... Kh7 {[%cal Oc6c5] [#] Hoping for ...c5!} 37. f5 $1 Re1+ 38. Rxe1 Qxe1+ 39. Kg2 Qe2+ 40. Kh3 hxg3 ({Much less strong is} 40... Qxb2 41. Qxh4+ Kg8 42. fxg6 fxg6 43. Qxa4 $16) 41. fxg6+ Kxg6 {White happily takes the draw.  Weighted Error Value: White=0.13 (very precise) /Black=0.11 (very precise)} 1/2-1/2

[Event "Kragero Resort International 2022"]
[Site "Kragero"]
[Date "2022.02.26"]
[Round "8.1"]
[White "Jonsson, Kristjan Dagur"]
[Black "Ostensen, Nicolai Maxime"]
[Result "0-1"]
[WhiteElo "1797"]
[BlackElo "1728"]
[Annotator "NA"]
[PlyCount "98"]
[EventDate "2022.02.23"]
[EventType "swiss"]
[EventCountry "NOR"]
[SourceTitle "playchess.com"]
[Source "ChessBase"]
[SourceQuality "1"]
[TimeControl "5400+30"]

1. d4 {[%emt 0:00:03]} d5 {[%emt 0:00:06]} 2. c4 {[%emt 0:00:08]} e6 {[%emt 0:00:09]} 3. Nf3 {[%emt 0:00:22]} Nf6 {[%emt 0:00:08]} 4. g3 {[%emt 0:00:22]} Be7 {[%emt 0:00:16]} 5. Bg2 {[%emt 0:00:10]} O-O {[%emt 0:00:06]} 6. O-O {[%emt 0:00:25]} b6 {[%emt 0:01:37]} 7. Ne5 {[%emt 0:04:17]} Bb7 {[%emt 0:01:08]} 8. Qc2 {[%emt 0:00:51]} Qc8 {[%emt 0:03:59]} 9. Nc3 {[%emt 0:04:32]} dxc4 {[%emt 0:02:58]} 10. e4 {[%emt 0:02:26]} Nc6 {[%emt 0:04:17]} 11. Nxc6 {[%emt 0:05:08]} Bxc6 {[%emt 0:00:05]} 12. d5 {[%emt 0:07:44]} Bb7 {[%emt 0:03:06]} 13. Rd1 {[%emt 0:03:27]} e5 {[%emt 0:03:01]} 14. Qa4 {[%emt 0:04:59]} Bc5 {[%emt 0:02:16]} 15. Qxc4 {[%emt 0:10:20]} Ng4 {[%emt 0:06:54]} 16. Rd2 {[%emt 0:02:45]} Nf6 {[%emt 0:00:49]} 17. b4 {[%emt 0:02:10]} Bd4 {[%emt 0:00:49]} 18. Bb2 {[%emt 0:01:52]} c6 {[%emt 0:01:19]} 19. Qb3 {[%emt 0:04:01]} c5 {[%emt 0:04:01]} 20. bxc5 {[%emt 0:02:29]} bxc5 {[%emt 0:01:09]} 21. Nb5 {[%emt 0:03:20]} Ba6 {[%emt 0:02:31]} 22. Bxd4 {[%emt 0:04:50]} exd4 {[%emt 0:01:55]} 23. Nd6 {[%emt 0:01:30]} Qc7 {[%emt 0:01:04]} 24. Nc4 {[%emt 0:01:04]} Rab8 {[%emt 0:00:27]} 25. Qc2 {[%emt 0:02:59]} Rb4 {[%emt 0:01:25]} 26. Nb2 {[%emt 0:01:02]} Rfb8 {[%emt 0:00:41]} 27. Nd3 {[%emt 0:01:55]} Rc4 {[%emt 0:00:07]} 28. Qd1 {[%emt 0:01:35]} Rc3 {[%emt 0:00:44]} 29. Rc1 {[%emt 0:04:29]} Rxc1 {[%emt 0:00:30]} 30. Qxc1 {[%emt 0:01:57]} Nd7 {[%emt 0:03:15]} 31. Qa3 {[%emt 0:04:47]} Bxd3 {[%emt 0:02:15]} 32. Qxd3 {[%emt 0:01:12]} Ne5 {[%emt 0:00:52]} 33. Qf1 {[%emt 0:02:36]} Rb6 {[%emt 0:00:53]} 34. f4 {[%emt 0:01:15]} Ng4 {[%emt 0:01:25]} 35. e5 {[%emt 0:00:59]} Ne3 {[%emt 0:01:25]} 36. d6 {[%emt 0:01:17]} Qb8 {[%emt 0:00:50]} 37. Qe2 {[%emt 0:02:11]} Rb1+ {[%emt 0:01:49]} 38. Kf2 {[%emt 0:00:10]} Qb6 {[%emt 0:03:04]} 39. Qf3 {[%emt 0:01:00]} g6 {[%emt 0:06:11]} 40. d7 {[%emt 0:01:19]} Kg7 {[%emt 0:00:52]} 41. Qa8 {[%emt 0:01:16]} Rb2 {[%emt 0:00:13]} 42. d8=Q {[%emt 0:01:46]} Rxd2+ {[%emt 0:00:07]} 43. Kf3 {[%emt 0:00:59]} Rf2+ {[%emt 0:00:11]} 44. Kxf2 {[%emt 0:01:03]} Qb2+ {[%emt 0:00:04]} 45. Ke1 {[%emt 0:01:06]} Qc1+ {[%emt 0:00:11]} 46. Ke2 {[%emt 0:00:39]} Qd1+ {[%emt 0:00:16]} 47. Kf2 {[%emt 0:00:07]} Qd2+ {[%emt 0:00:03]} 48. Kg1 {[%emt 0:00:16]} Qe1+ {[%emt 0:00:04]} 49. Bf1 {[%emt 0:00:02]} Qxf1# {[%emt 0:00:06]} 0-1